[Event "Chigorin Memorial Open"]
[Site "St Petersburg RUS"]
[Date "2011.10.18"]
[Round "5.102"]
[White "Kondratiev, Denis"]
[Black "Andronov, Ilya"]
[Result "0-1"]
[WhiteElo "1960"]
[BlackElo "2129"]
[WhiteFideId "4181220"]
[BlackFideId "24142239"]
[EventDate "2011.10.14"]

1. Nf3 c5 2. e4 e6 3. Nc3 Nc6 4. Bb5 Nd4 5. O-O a6 6. Be2 Ne7 7. b4 Nxf3+ 8.
Bxf3 cxb4 9. Ne2 e5 10. d4 d6 11. Qe1 a5 12. a3 bxa3 13. Rxa3 Nc6 14. d5 Nb8 15.
Bd2 b6 16. Ng3 g6 17. Qe2 Ba6 18. c4 Nd7 19. Bg4 Bg7 20. f4 exf4 21. Bxf4 Ne5
22. Bxe5 Bxe5 23. Raf3 Ra7 24. Qf2 Qc7 25. Be6 Rf8 26. Rb1 Qxc4 27. Ne2 Qc5 28.
Rxb6 Bxe2 29. Rb8+ Ke7 30. Qxc5 dxc5 31. d6+ Kxe6 32. Rxf8 Bxf3 33. d7 Bd4+ 34.
Kf1 Bxg2+ 35. Kxg2 Rxd7 0-1

[Event "Chigorin Memorial Open"]
[Site "St Petersburg RUS"]
[Date "2011.10.18"]
[Round "5.104"]
[White "Kostyuchenko, Vladimir"]
[Black "Andreeva, Yulia"]
[Result "1/2-1/2"]
[WhiteElo "2107"]
[BlackElo "1940"]
[WhiteFideId "4126084"]
[BlackFideId "4108302"]
[EventDate "2011.10.14"]

1. d4 d5 2. c4 e6 3. Nc3 c6 4. Nf3 dxc4 5. a4 Bb4 6. e3 b5 7. g3 Nf6 8. Bg2 Nd5
9. Qc2 Nd7 10. O-O Bxc3 11. bxc3 O-O 12. e4 Ne7 13. e5 Ng6 14. axb5 cxb5 15. Ng5
Rb8 16. Rxa7 Qb6 17. Ra2 b4 18. cxb4 Qxd4 19. Rd1 Qb6 20. Bb2 h6 21. Bd4 Qb5 22.
Nxe6 fxe6 23. Qxg6 Nxe5 24. Bxe5 Qxe5 25. Be4 Qc7 26. Qh7+ Kf7 27. Bg6+ Kf6 28.
Bh5 Qe5 29. Qg6+ Ke7 30. Be2 Qf6 31. Ra7+ Rb7 32. Rxb7+ Bxb7 33. Qxf6+ Kxf6 34.
Bxc4 Rc8 35. Bf1 g5 36. Bg2 Ba6 37. h3 Rb8 38. Rb1 Bc4 39. Bc6 Ke5 40. Kg2 Rb6
41. b5 Bd5+ 42. Bxd5 exd5 43. Rb4 Kd6 44. f4 Kc5 45. Rb1 gxf4 46. g4 d4 47. h4
d3 48. Kf3 Kd4 49. Kxf4 d2 50. g5 hxg5+ 51. hxg5 Kc3 52. Rg1 Kc2 53. Kf5 Rxb5+
54. Kf6 Rb6+ 55. Kf7 Rb7+ 56. Kf6 Rb3 57. g6 Rf3+ 58. Kg7 d1=Q 59. Rxd1 Kxd1 60.
Kh7 Rg3 1/2-1/2

[Event "Chigorin Memorial Open"]
[Site "St Petersburg RUS"]
[Date "2011.10.18"]
[Round "5.105"]
[White "Zamyshlyaev, Anatoly"]
[Black "Safronov, Kirill"]
[Result "1-0"]
[WhiteElo "2067"]
[BlackElo "1932"]
[WhiteFideId "4199308"]
[BlackFideId "24141976"]
[EventDate "2011.10.14"]

1. e4 e5 2. Nf3 Nc6 3. Bb5 Nf6 4. Qe2 a6 5. Ba4 b5 6. Bb3 Bc5 7. a4 b4 8. Bxf7+
Kxf7 9. Qc4+ Ke8 10. Qxc5 Nxe4 11. Qe3 Nf6 12. Nxe5 Nxe5 13. Qxe5+ Kf7 14. O-O
Re8 15. Qg3 a5 16. d3 Ra6 17. Nd2 Bb7 18. Nc4 d5 19. Ne5+ Kg8 20. Bg5 Qc8 21.
Rae1 Qf5 22. Bxf6 Rxf6 23. Ng4 Rc8 24. Re5 Qg6 25. Nxf6+ Qxf6 26. Rfe1 g6 27. h4
Kf7 28. Qg5 Qxg5 29. hxg5 Bc6 30. Re7+ Kg8 31. b3 Bb7 32. d4 Ba6 33. R1e6 Bb7
34. Rd7 Rf8 35. Ree7 Rf4 36. Rg7+ Kf8 37. Rxh7 Kg8 38. Rdg7+ Kf8 39. Rxc7 1-0

[Event "Chigorin Memorial Open"]
[Site "St Petersburg RUS"]
[Date "2011.10.18"]
[Round "5.106"]
[White "Bondarenko, Dmitry"]
[Black "Kopasov, Evgeny"]
[Result "0-1"]
[WhiteElo "1894"]
[BlackElo "2059"]
[WhiteFideId "34105708"]
[BlackFideId "4181239"]
[EventDate "2011.10.14"]

1. d4 d5 2. Bg5 h6 3. Bh4 c6 4. c3 Bf5 5. e3 Qb6 6. Qb3 e6 7. Nf3 Nd7 8. Nbd2
Ngf6 9. Bxf6 Nxf6 10. Be2 Bd6 11. O-O O-O 12. Rfe1 Qc7 13. Nf1 Nd7 14. Ng3 Bh7
15. Rac1 b5 16. Qd1 a5 17. Bd3 Bxd3 18. Qxd3 e5 19. dxe5 Nxe5 20. Nxe5 Bxe5 21.
Qc2 a4 22. e4 dxe4 23. Rxe4 f5 24. Ree1 f4 25. Nf1 f3 26. Re4 fxg2 27. Kxg2 Rf5
28. Rce1 Raf8 29. R1e2 Bd6 30. Ng3 Rf3 31. Rg4 Qf7 32. b3 axb3 33. axb3 Bc5 34.
Ne4 Qh5 35. Rg3 Rxg3+ 36. hxg3 Qf3+ 37. Kg1 Rf5 38. Nxc5 Rh5 39. Re8+ Kf7 40.
Re7+ Kxe7 41. Qe4+ Qxe4 42. Nxe4 Re5 43. f3 Ke6 44. Kf2 Rxe4 45. fxe4 Ke5 46.
Kf3 h5 0-1

[Event "Chigorin Memorial Open"]
[Site "St Petersburg RUS"]
[Date "2011.10.18"]
[Round "5.107"]
[White "Gumirov, Konstantin L"]
[Black "Platonova, Lubov"]
[Result "1-0"]
[WhiteElo "2057"]
[BlackElo "1901"]
[WhiteFideId "4125061"]
[BlackFideId "4178769"]
[EventDate "2011.10.14"]

1. e4 c5 2. Nf3 d6 3. d4 cxd4 4. Nxd4 Nf6 5. Nc3 g6 6. f4 Nbd7 7. Bb5 a6 8. Ba4
b5 9. Bb3 Bb7 10. Qe2 e5 11. Nf3 Bg7 12. fxe5 dxe5 13. Bg5 O-O 14. O-O-O Qc7 15.
Rhf1 Rae8 16. Nh4 b4 17. Nd5 Bxd5 18. exd5 Qd6 19. Ba4 Rc8 20. Rf3 Nc5 21. Bc6
Nfe4 22. Be3 f5 23. Rh3 a5 24. Nf3 a4 25. Qc4 Rfd8 26. Ng5 h6 27. Nxe4 Nxe4 28.
Bb6 Rf8 29. Re3 Rf7 30. Rxe4 fxe4 31. Qxe4 Rb8 32. Be3 Rc7 33. Bxa4 Ra8 34. Bb3
Rac8 35. h4 Kh7 36. Bd2 Bf8 37. Kb1 Kg7 38. h5 g5 39. Re1 Rf7 40. c3 bxc3 41.
Bxc3 Rxc3 42. bxc3 Re7 43. Bc2 Kg8 44. Bb3 Bg7 45. c4 Rf7 46. c5 Qxc5 47. d6
Qxd6 48. Rf1 1-0

[Event "Chigorin Memorial Open"]
[Site "St Petersburg RUS"]
[Date "2011.10.18"]
[Round "5.108"]
[White "Zakharov, Yuri"]
[Black "Sokolova, Vera"]
[Result "1-0"]
[BlackTitle "WFM"]
[WhiteElo "1869"]
[BlackElo "2052"]
[WhiteFideId "4166620"]
[BlackFideId "24120200"]
[EventDate "2011.10.14"]

1. Nf3 c5 2. g3 Nc6 3. Bg2 d5 4. d3 Nf6 5. Nbd2 e5 6. e4 Be7 7. O-O O-O 8. c3
Bg4 9. Qc2 Qd7 10. Re1 d4 11. cxd4 Qxd4 12. Nxd4 1-0

[Event "Chigorin Memorial Open"]
[Site "St Petersburg RUS"]
[Date "2011.10.18"]
[Round "5.110"]
[White "Saveliev, Alexei"]
[Black "Bondarev, Ivan"]
[Result "1/2-1/2"]
[WhiteElo "2048"]
[BlackElo "1892"]
[WhiteFideId "24128546"]
[BlackFideId "4185110"]
[EventDate "2011.10.14"]

1. e4 c5 2. Nf3 Nf6 3. Nc3 d5 4. Bb5+ Bd7 5. e5 d4 6. exf6 dxc3 7. fxg7 cxd2+ 8.
Qxd2 Bxg7 9. Bd3 Qb6 10. O-O Nc6 11. Qf4 Qb4 12. Qg3 Qg4 13. Be3 Qxg3 14. hxg3
b6 15. c3 Ne5 16. Nxe5 Bxe5 17. Rad1 Bc6 18. f4 Bd6 19. Kf2 O-O-O 20. Rh1 h6 21.
Rh5 e6 22. g4 Rhg8 23. Be2 Bf8 24. Rxd8+ Kxd8 25. Bf3 Bxf3 26. Kxf3 Rg6 27. f5
exf5 28. gxf5 Rc6 29. c4 a6 30. Ke4 Kd7 31. g4 b5 32. b3 bxc4 33. bxc4 Rb6 34.
Rh2 a5 35. Rd2+ Kc8 36. Rd5 Rc6 37. Bf4 a4 38. Rd2 Rb6 39. Kd5 Kd7 40. Rh2 Kc8
41. Be5 Kd7 42. Rb2 Rb4 43. Rh2 Rb1 44. Bf4 Rd1+ 45. Rd2 Re1 46. f6 Re6 47. Be5
Bd6 48. Bb2 Re1 49. Rg2 Rd1+ 50. Ke4 Re1+ 51. Kd3 Rd1+ 52. Kc2 Rf1 53. Bc3 1/2-1/2

[Event "Chigorin Memorial Open"]
[Site "St Petersburg RUS"]
[Date "2011.10.18"]
[Round "5.111"]
[White "Dzhavathanov, Magomed"]
[Black "Voronenkov, Sergey"]
[Result "0-1"]
[WhiteElo "1793"]
[BlackElo "2048"]
[WhiteFideId "24106020"]
[BlackFideId "24129674"]
[EventDate "2011.10.14"]

1. e4 c5 2. Nf3 d6 3. g3 Nf6 4. d3 Nc6 5. Bg2 e5 6. O-O Be7 7. Nbd2 O-O 8. h3 b5
9. Nh2 c4 10. Ndf3 cxd3 11. cxd3 a5 12. Nh4 b4 13. Nf5 d5 14. Ng4 Bxf5 15. exf5
Nd4 16. Nxe5 Rc8 17. g4 Bd6 18. Nf3 Nc2 19. Rb1 Qe7 20. Bg5 h6 21. Bh4 Rc5 22.
Qd2 Qc7 23. Bxf6 Bf4 24. Be5 Bxe5 25. Nxe5 Qxe5 26. Rfd1 Qd4 27. Bf3 Rfc8 28.
Kg2 R5c7 29. Rdc1 a4 30. Rf1 b3 31. a3 Re8 32. Qa5 Rc5 33. Qd2 Qf6 34. Rfc1 Rec8
35. Rf1 Qe5 36. Bd1 h5 37. Qg5 hxg4 38. hxg4 Ne1+ 39. Kh3 R5c6 40. f4 Qe3+ 41.
Kh4 Ng2+ 0-1

[Event "Chigorin Memorial Open"]
[Site "St Petersburg RUS"]
[Date "2011.10.18"]
[Round "5.112"]
[White "Shurunov, Andrei"]
[Black "Paliy, Vladimir"]
[Result "1-0"]
[WhiteElo "2037"]
[BlackElo "1873"]
[WhiteFideId "4113209"]
[BlackFideId "4135709"]
[EventDate "2011.10.14"]

1. e4 c6 2. d4 d5 3. Nc3 dxe4 4. Nxe4 Nd7 5. Bd3 Ngf6 6. Nxf6+ Nxf6 7. c3 e6 8.
Nf3 Be7 9. Qc2 O-O 10. Be3 Qc7 11. O-O-O g6 12. h3 c5 13. c4 Rd8 14. Qc3 Nh5 15.
g3 b6 16. Be4 Bb7 17. Bxb7 Qxb7 18. Ne5 Nf6 19. Rhe1 Rac8 20. dxc5 Ne4 21. Qc2
Nxc5 22. Ng4 Qe4 23. Qc3 Nd3+ 24. Rxd3 Rxc4 25. Rxd8+ Bxd8 26. Nh6+ Kf8 27. Bc5+
bxc5 28. Rxe4 Rxc3+ 29. bxc3 Bg5+ 30. Kc2 Bxh6 31. Rc4 Bg5 32. Rxc5 Bd8 33. c4
Bb6 34. Rc8+ Ke7 35. c5 Kd7 36. Rf8 Bxc5 37. Rxf7+ Kd6 38. f3 Bf2 39. Rxh7 Bxg3
40. Rxa7 Ke5 41. Rf7 g5 42. Kd3 Kd5 43. Rb7 Ke5 44. Rb4 Bf2 45. a4 Kd5 46. Rb1
Ke5 47. Ke2 Bd4 48. a5 Kd5 49. a6 Kc6 50. Kd3 e5 51. Ke4 1-0

[Event "Chigorin Memorial Open"]
[Site "St Petersburg RUS"]
[Date "2011.10.18"]
[Round "5.113"]
[White "Lysukha, Nikita"]
[Black "Ershov, Valentin"]
[Result "0-1"]
[WhiteElo "1683"]
[BlackElo "2031"]
[WhiteFideId "24177610"]
[BlackFideId "24166430"]
[EventDate "2011.10.14"]

1. d4 d5 2. c4 c6 3. Nf3 Nf6 4. Nc3 a6 5. a4 e6 6. Bg5 Nbd7 7. a5 h6 8. Bxf6
Qxf6 9. c5 e5 10. e3 g5 11. Ra4 Bg7 12. Be2 Qe7 13. O-O e4 14. Nd2 Nf8 15. f4
exf3 16. Rxf3 Bg4 17. Rf2 Bxe2 18. Qxe2 O-O-O 19. Qf3 Rd7 20. Rb4 Ng6 21. Na4
Kb8 22. Qe2 Ka7 23. Rb6 Re8 24. Qg4 Nh4 25. Nf1 f5 26. Qd1 f4 27. exf4 Nf5 28.
Rb4 Qe1 29. Qxe1 Rxe1 30. fxg5 Bxd4 31. Rxd4 Nxd4 32. gxh6 Ne2+ 33. Kh1 d4 34.
g3 d3 35. Kg2 d2 36. h7 d1=Q 37. h8=Q Qd5+ 38. Kh3 Ng1+ 39. Kh4 Ree7 0-1

[Event "Chigorin Memorial Open"]
[Site "St Petersburg RUS"]
[Date "2011.10.18"]
[Round "5.114"]
[White "Karaseva, Janna"]
[Black "Shagdurov, Denis"]
[Result "1-0"]
[WhiteElo "2030"]
[BlackElo "1789"]
[WhiteFideId "4132548"]
[BlackFideId "24136735"]
[EventDate "2011.10.14"]

1. d4 Nf6 2. Nf3 c5 3. g3 g6 4. Bg2 Bg7 5. O-O O-O 6. e3 cxd4 7. exd4 d5 8. c3
Nc6 9. Bf4 Bf5 10. Ne5 Qb6 11. Qe2 Rac8 12. Na3 Rfd8 13. h3 Ne4 14. g4 Be6 15.
Nd3 Qa6 16. Nc1 Qxe2 17. Nxe2 a6 18. Nc2 Na5 19. Ne3 Nd2 20. Nxd5 Bxd5 21. Bxd2
Bxg2 22. Kxg2 Nc4 23. Bc1 e5 24. b3 Nb6 25. Bb2 exd4 26. Nxd4 Bxd4 27. cxd4 Rc2
28. Ba3 Nd5 29. Rfc1 Rd2 30. Kg3 Rd3+ 31. f3 Nc3 32. Rc2 Re8 33. Bb2 Ree3 34.
Rf1 Nxa2 35. d5 f5 36. Rc7 Rxb3 37. d6 Red3 38. d7 Rxb2 39. Re1 Rxd7 40. Rxd7
Kf8 41. Ree7 g5 42. gxf5 Rb6 43. Rxh7 1-0

[Event "Chigorin Memorial Open"]
[Site "St Petersburg RUS"]
[Date "2011.10.18"]
[Round "5.115"]
[White "Trapeznikova, Darya"]
[Black "Skafar, Darya"]
[Result "1-0"]
[WhiteElo "2024"]
[BlackElo "1735"]
[WhiteFideId "24121118"]
[BlackFideId "24167169"]
[EventDate "2011.10.14"]

1. d4 d5 2. c4 c6 3. Nf3 Nf6 4. e3 Bf5 5. Nc3 e6 6. Nh4 Bg6 7. Nxg6 hxg6 8. Qb3
Qb6 9. Bd3 Nbd7 10. Bd2 Be7 11. h3 O-O 12. Qc2 Rac8 13. c5 Qc7 14. b4 e5 15. O-O
e4 16. Be2 Rfe8 17. a4 a6 18. Qb3 Bf8 19. b5 axb5 20. axb5 Ra8 21. Ra2 Rxa2 22.
Qxa2 Rb8 23. Ra1 Qc8 24. Be1 Qe8 25. Qa4 Qe6 26. Rb1 Kh8 27. Na2 Kg8 28. Nb4
cxb5 29. Bxb5 Kh8 30. Be2 Kg8 31. Bd1 Rd8 32. Qa7 Rb8 33. Bb3 g5 34. Qa2 g4 35.
hxg4 Qxg4 36. Bxd5 Nxd5 37. Qxd5 Nf6 38. Qe5 Re8 39. Qc7 Qc8 40. Qxc8 Rxc8 41.
Na2 Rc7 42. Nc3 Rd7 43. f3 exf3 44. gxf3 Be7 45. Bf2 Bd8 46. e4 Kf8 47. Kf1 Ke8
48. Ke2 Nh5 49. Kd3 Nf4+ 50. Kc4 Nh3 51. Be3 Ng5 52. f4 Nh7 53. Rh1 Nf8 54. d5
f6 55. e5 Ba5 56. Nb5 fxe5 57. fxe5 g6 58. Nd6+ Kd8 59. Rh8 1-0

[Event "Chigorin Memorial Open"]
[Site "St Petersburg RUS"]
[Date "2011.10.18"]
[Round "5.116"]
[White "Edilsultanova, Zalina"]
[Black "Tugarin, Anton"]
[Result "0-1"]
[WhiteElo "1621"]
[BlackElo "2014"]
[WhiteFideId "24164798"]
[BlackFideId "24151246"]
[EventDate "2011.10.14"]

1. e4 e6 2. d4 d5 3. Nc3 Bb4 4. e5 b6 5. Qg4 Bf8 6. Nf3 Qd7 7. Bd3 Ba6 8. O-O
Bxd3 9. cxd3 Ne7 10. Bd2 Nf5 11. Nh4 h5 12. Qh3 Nxd4 13. Rac1 c5 14. Kh1 Nbc6
15. f4 g6 16. Nd1 Be7 17. Ne3 a5 18. Nf3 Ne2 19. g4 Nxf4 20. Qg3 Ne2 21. Qf2
Nxc1 22. Bxc1 O-O-O 23. g5 Rhf8 24. a3 a4 25. Bd2 Kb7 26. Rc1 Rc8 27. Be1 Nd4
28. h4 Qb5 29. Bc3 Nb3 30. Rd1 d4 31. Bxd4 cxd4 32. Nc4 Rxc4 33. dxc4 Qxc4 34.
Nxd4 Qd5+ 35. Kh2 Bc5 36. Qf6 Nxd4 37. Rxd4 Qxd4 0-1

[Event "Chigorin Memorial Open"]
[Site "St Petersburg RUS"]
[Date "2011.10.18"]
[Round "5.119"]
[White "Sladkov, Andrey"]
[Black "Bondarenko, Alexander"]
[Result "0-1"]
[BlackTitle "FM"]
[WhiteElo "1885"]
[BlackElo "2224"]
[WhiteFideId "24160350"]
[BlackFideId "14126109"]
[EventDate "2011.10.14"]

1. e4 c5 2. c3 e6 3. Nf3 d5 4. exd5 Qxd5 5. d4 Nf6 6. Bb5+ Bd7 7. Bxd7+ Nbxd7 8.
O-O Be7 9. dxc5 Qxc5 10. Na3 O-O 11. Qb3 b6 12. Be3 Qh5 13. Rad1 Nc5 14. Qb5
Rad8 15. Qe2 h6 16. Nd4 Qxe2 17. Nxe2 Ng4 18. Nc4 Nxe3 19. Nxe3 Bg5 20. Rxd8
Rxd8 21. Rd1 Rxd1+ 22. Nxd1 e5 23. c4 f5 24. Nec3 Kf7 25. Kf1 Ke6 26. Ke2 e4 27.
Nb5 a5 28. Ne3 Bxe3 29. Kxe3 Ke5 30. f4+ exf3 31. gxf3 g5 32. b3 h5 33. Nc3 f4+
34. Ke2 g4 35. fxg4 hxg4 36. Nd5 Nd7 37. Nc3 Kf5 38. Nd5 Kg5 39. Kf2 Kf5 40. Ke2
Ke5 41. Nc3 Nc5 42. Nd5 b5 43. Nb6 b4 44. Nd5 Ne4 45. Kd3 Nc3 46. Ne7 Nxa2 47.
Nc6+ Kf5 48. Nxa5 Nc1+ 49. Kd2 g3 50. hxg3 fxg3 51. Ke1 Kg4 52. Nc6 Kh3 53. Nd4
Nxb3 54. Nf3 Nc5 55. Kf1 b3 56. Kg1 Ne4 57. Ne1 b2 0-1

[Event "Chigorin Memorial Open"]
[Site "St Petersburg RUS"]
[Date "2011.10.18"]
[Round "5.120"]
[White "Startsev, Andrei"]
[Black "Pyatin, Alexander"]
[Result "0-1"]
[WhiteElo "1867"]
[BlackElo "2124"]
[WhiteFideId "24101850"]
[BlackFideId "24125920"]
[EventDate "2011.10.14"]

1. e4 c5 2. Nf3 e6 3. d4 cxd4 4. Nxd4 a6 5. Nc3 Ne7 6. Be3 Nbc6 7. Be2 Nxd4 8.
Bxd4 Nc6 9. Be3 b5 10. O-O Be7 11. f4 d6 12. f5 O-O 13. Qd2 Bb7 14. Bd3 Ne5 15.
h3 Bf6 16. Rae1 Rc8 17. Nd1 Nc4 18. Qc1 d5 19. exd5 Qxd5 20. Re2 Ne5 21. Nc3 Qd7
22. fxe6 fxe6 23. Rd2 Nxd3 24. Rxd3 Qc6 25. Qd2 b4 26. Nd1 Qxc2 27. Rd7 Bd5 28.
Rd6 Qxd2 29. Bxd2 Rc2 30. Rxd5 exd5 31. Bxb4 Bd4+ 32. Nf2 Rfxf2 33. Re1 Rxg2+
34. Kf1 Rg1# 0-1

[Event "Chigorin Memorial Open"]
[Site "St Petersburg RUS"]
[Date "2011.10.18"]
[Round "5.121"]
[White "Khatenever, Feliks"]
[Black "Mitiushkin, Marat"]
[Result "0-1"]
[WhiteElo "1864"]
[BlackElo "1995"]
[WhiteFideId "4131800"]
[BlackFideId "4141849"]
[EventDate "2011.10.14"]

1. e4 c6 2. d4 d5 3. e5 Bf5 4. Nf3 e6 5. Be2 c5 6. c3 Nc6 7. O-O Rc8 8. Qb3 Qc7
9. Nbd2 cxd4 10. cxd4 Bb4 11. Bb5 Ba5 12. Bd3 Nge7 13. a3 O-O 14. Bxf5 Nxf5 15.
Qd3 Bb6 16. Nb3 Na5 17. Nxa5 Bxa5 18. g4 Ne7 19. b4 Bb6 20. Bg5 h6 21. Rac1 Qd7
22. Bh4 Ng6 23. Bg3 f5 24. exf6 Rxf6 25. Ne5 Nxe5 26. Bxe5 Rff8 27. Kg2 Bc7 28.
Qg3 Bxe5 29. Qxe5 Rc4 30. Rce1 a6 31. Re3 Rf6 32. h3 Qc7 33. Qxc7 Rxc7 34. f4
Kf7 35. Rd3 Rc2+ 36. Kg3 g5 37. Rff3 Kg6 38. fxg5 hxg5 39. Rxf6+ Kxf6 40. h4
gxh4+ 41. Kxh4 Re2 42. Rf3+ Kg6 43. Rd3 Re4 44. Rd2 Re3 45. a4 Rb3 46. b5 axb5
47. axb5 Rxb5 48. Re2 Rb6 49. Kg3 Rc6 50. Kf4 b5 51. g5 b4 52. Rb2 Rb6 53. Rb3
Kh5 54. Rh3+ Kg6 55. Rb3 Kh7 56. Rh3+ Kg7 57. Rb3 Kg6 58. Kg4 Rc6 59. Re3 b3 60.
Rxb3 Rc4 61. Re3 Rxd4+ 62. Kf3 Kf5 63. g6 Rf4+ 64. Ke2 Rg4 65. g7 Rxg7 66. Rf3+
Ke5 67. Rf8 Ke4 68. Rh8 0-1

[Event "Chigorin Memorial Open"]
[Site "St Petersburg RUS"]
[Date "2011.10.18"]
[Round "5.123"]
[White "Trofimchuk, Vladimir"]
[Black "Chuprova, Irina"]
[Result "0-1"]
[WhiteElo "1857"]
[BlackElo "1919"]
[WhiteFideId "4199227"]
[BlackFideId "24138584"]
[EventDate "2011.10.14"]

1. d4 d5 2. Bf4 e6 3. Nd2 c5 4. e3 cxd4 5. exd4 Nc6 6. c3 Nge7 7. Ngf3 Ng6 8.
Bg3 h5 9. h4 Bd6 10. Bd3 Bxg3 11. fxg3 Qd6 12. Kf2 Nce7 13. Re1 f6 14. Qc2 Nf8
15. Re3 Bd7 16. a4 O-O-O 17. b4 Kb8 18. b5 Ng8 19. a5 Nh6 20. Nh2 e5 21. Nb3 e4
22. Be2 Nf5 23. Nf1 Nxe3 24. Nxe3 f5 25. c4 f4 26. Nxd5 Ne6 27. Qxe4 fxg3+ 28.
Kg1 Bxb5 29. cxb5 Qxd5 30. Qxd5 Rxd5 31. Bc4 Rd6 32. d5 Nf4 33. Rf1 Nxd5 34. Rf3
Nf6 35. Rxg3 Rd1+ 36. Kf2 Ne4+ 37. Ke2 Nxg3+ 38. Kxd1 Nf5 0-1

[Event "Chigorin Memorial Open"]
[Site "St Petersburg RUS"]
[Date "2011.10.18"]
[Round "5.124"]
[White "Mironova, Natalia"]
[Black "Stroganov, Anatoly"]
[Result "1-0"]
[WhiteElo "1811"]
[BlackElo "1866"]
[WhiteFideId "4110935"]
[BlackFideId "4178955"]
[EventDate "2011.10.14"]

1. e4 d6 2. d4 Nf6 3. Bd3 g6 4. f4 Bg7 5. Nf3 c5 6. dxc5 Qa5+ 7. c3 Qxc5 8. Qe2
O-O 9. Be3 Qc7 10. Na3 a6 11. O-O Ng4 12. Bc1 b5 13. Nc2 h6 14. a4 bxa4 15. Rxa4
e6 16. h3 Nf6 17. Be3 Nbd7 18. Rc4 Qd8 19. Qf2 a5 20. Ra4 Ba6 21. Rd1 Qc7 22.
Bxa6 Rxa6 23. Nfd4 Nb6 24. Ra2 Nc4 25. Qf3 Qb7 26. f5 e5 27. fxg6 fxg6 28. Ne2 1-0

[Event "Chigorin Memorial Open"]
[Site "St Petersburg RUS"]
[Date "2011.10.18"]
[Round "5.125"]
[White "Evsyukov, Aleksey"]
[Black "Kokhnover, Ilya"]
[Result "1-0"]
[WhiteElo "1902"]
[BlackElo "1821"]
[WhiteFideId "24159557"]
[BlackFideId "24159174"]
[EventDate "2011.10.14"]

1. e4 c5 2. Nf3 e6 3. d4 cxd4 4. Nxd4 a6 5. c4 Qc7 6. Nc3 Nc6 7. Be2 Nf6 8. a3
Be7 9. O-O O-O 10. Be3 d6 11. f4 Bd7 12. Nb3 Rab8 13. Qe1 Na5 14. Nd2 b5 15.
cxb5 axb5 16. Rc1 Rfc8 17. b4 Nc4 18. Nxc4 bxc4 19. Qf2 d5 20. e5 Ne8 21. g4 Ra8
22. Nb1 Bc6 23. Bd4 Qd8 24. Rc3 Nc7 25. Rh3 Nb5 26. Bb6 Qf8 27. a4 Rxa4 28. f5
f6 29. Qh4 h6 30. fxe6 d4 31. exf6 Bxf6 32. g5 Bxg5 33. Rxf8+ Rxf8 34. e7 Bxh4
35. exf8=Q+ Kxf8 36. Rxh4 Ra1 37. Rf4+ Ke8 38. Bh5+ Kd7 39. Rf1 c3 40. Bg6 Kd6
41. Bc5+ Ke5 42. Bf8 Ra2 43. Bxg7+ Kd6 44. Rf6+ Kc7 45. Rf2 Ra1 46. Be5+ Kd7 47.
Bf5+ Ke7 48. Re2 Kf7 49. Kf2 Ra4 50. h4 Rxb4 51. h5 Bd5 52. Bg6+ Ke6 53. Bxd4+
Kd6 54. Be5+ Kc5 55. Nxc3 Nxc3 56. Bxc3 Rf4+ 57. Ke1 Rh4 58. Bf6 Rh1+ 59. Kd2
Bf3 60. Rf2 Rd1+ 61. Ke3 Bxh5 62. Bxh5 Rd5 63. Bf7 Rd7 64. Rf5+ Kb6 65. Bd4+ Kc7
66. Rc5+ Kb7 67. Bh5 Re7+ 68. Kd3 Rd7 69. Kc4 Rc7 70. Rxc7+ Kxc7 71. Bg7 Kd6 72.
Bxh6 1-0

[Event "Chigorin Memorial Open"]
[Site "St Petersburg RUS"]
[Date "2011.10.18"]
[Round "5.126"]
[White "Gusev, Boris"]
[Black "Egorov, Daniil"]
[Result "0-1"]
[WhiteElo "1734"]
[BlackElo "1826"]
[WhiteFideId "24121479"]
[BlackFideId "24171956"]
[EventDate "2011.10.14"]

1. e4 c5 2. Nf3 d6 3. d4 cxd4 4. Nxd4 Nf6 5. Bd3 Nc6 6. Be3 Ng4 7. Qd2 Nxe3 8.
Qxe3 Bd7 9. O-O Qb6 10. Nb3 Qxe3 11. fxe3 g6 12. c3 Bh6 13. Kf2 Ne5 14. Be2 Bg4
15. Bb5+ Bd7 16. Be2 O-O 17. N1d2 f5 18. Bf3 fxe4 19. Nxe4 Ng4+ 20. Ke1 Nxe3 21.
Rf2 Bb5 22. Nd4 Bd3 23. Ne6 Rf7 24. N6g5 Rf5 25. h4 Nc2+ 26. Kd2 Bxe4 27. Rc1
Raf8 28. Rxc2 Bxc2 29. Kxc2 Bxg5 30. hxg5 Kg7 31. Re2 R8f7 32. c4 e5 33. Rd2
Rxg5 34. Rxd6 h5 35. Rd1 Rgf5 36. Kd3 Rxf3+ 37. gxf3 Rd7+ 0-1

[Event "Chigorin Memorial Open"]
[Site "St Petersburg RUS"]
[Date "2011.10.19"]
[Round "6.2"]
[White "Lintchevski, Daniil"]
[Black "Bocharov, Dmitry"]
[Result "1-0"]
[WhiteTitle "GM"]
[BlackTitle "GM"]
[WhiteElo "2558"]
[BlackElo "2582"]
[WhiteFideId "4171055"]
[BlackFideId "4138716"]
[EventDate "2011.10.14"]

1. d4 Nf6 2. c4 e6 3. Nf3 b6 4. g3 Ba6 5. b3 d5 6. cxd5 exd5 7. Bg2 Bd6 8. O-O
O-O 9. Nc3 Re8 10. Re1 Nbd7 11. a3 c6 12. Bb2 Rc8 13. Nd2 Bf8 14. b4 c5 15. Nxd5
Nxd5 16. Bxd5 Ne5 17. Qb3 c4 18. Qc3 Qxd5 19. dxe5 Red8 20. Nf1 Bb7 21. f3 a5
22. Ne3 axb4 23. axb4 Qb5 24. Nc2 h6 25. Red1 Qe8 26. Rxd8 Qxd8 27. Nd4 Qd7 28.
e4 b5 29. Nf5 Ra8 30. Nd6 Rxa1+ 31. Bxa1 Bc6 32. Kg2 Qe6 33. Nf5 Bd7 34. Qd2 Qc6
35. Bc3 Bc8 36. g4 Qc7 37. h4 Be6 38. h5 Qa7 39. Ne3 Be7 40. Nd5 Bg5 41. f4 Bh4
42. f5 Bc8 43. Kh3 Bg5 44. Qd4 Qa3 45. e6 f6 46. e5 Qc1 47. Nxf6+ gxf6 48. Qd8+
Kh7 49. Qc7+ Kg8 50. Qxc8+ Kh7 51. Qb7+ Kg8 52. Qa8+ Kh7 53. Qf3 1-0

[Event "Chigorin Memorial Open"]
[Site "St Petersburg RUS"]
[Date "2011.10.19"]
[Round "6.3"]
[White "Vorobiov, Evgeny E."]
[Black "Onischuk, Vladimir"]
[Result "1/2-1/2"]
[WhiteTitle "GM"]
[BlackTitle "IM"]
[WhiteElo "2581"]
[BlackElo "2483"]
[WhiteFideId "4121341"]
[BlackFideId "14114038"]
[EventDate "2011.10.14"]

1. d4 d6 2. c4 g6 3. Nc3 Bg7 4. Nf3 Nf6 5. g3 O-O 6. Bg2 Nbd7 7. O-O e5 8. e4 c6
9. h3 Re8 10. Re1 a6 11. Be3 b6 12. Qc2 Bb7 13. Rad1 Qb8 14. d5 b5 15. Nd2 Rc8
16. dxc6 Bxc6 17. Qb1 Nb6 18. Nd5 Nfxd5 19. cxd5 Bd7 20. Rc1 Qb7 21. b3 Bf6 22.
a4 Rxc1 23. Rxc1 Rc8 24. axb5 axb5 25. Bf1 Bd8 26. Rxc8 Nxc8 27. b4 f5 28. Qd3
Bb6 29. Bxb6 Qxb6 30. exf5 gxf5 31. Nb1 Kg7 32. Nc3 Ne7 33. Qe3 Qxe3 34. fxe3
Kf6 35. e4 fxe4 36. Nxe4+ Kg7 37. Nxd6 Nxd5 38. Nxb5 Bxb5 39. Bxb5 Nxb4 40. Kf2
Nd5 41. Bd3 1/2-1/2